书目信息 |
| 题名: |
俄罗斯向何处去
|
|
| 作者: | 麦德维杰夫 著 ;关贵海 , 王晓玉 译 | |
| 分册: | ||
| 出版信息: | 北京 当代世界出版社 2003 |
|
| 页数: | 343页 | |
| 开本: | 20cm | |
| 丛书名: | ||
| 单 册: | ||
| 中图分类: | D751.22 | |
| 科图分类: | ||
| 主题词: | 政策--研究--俄罗斯 | |
| 电子资源: | ||
| ISBN: | 7-80115-624-2 | |
| 000 | 00882nam0 2200241 45 | |
| 001 | 002618491 | |
| 005 | 20050401111637.6 | |
| 010 | @a7-80115-624-2@dCNY22.00 | |
| 100 | @a20040401d2003 em y0chiy0110 ea | |
| 101 | 1 | @achi@crus |
| 102 | @aCN@b110000 | |
| 105 | @aa z 000yy | |
| 200 | 1 | @a俄罗斯向何处去@Ae luo si xiang he chu qu@e俄罗斯能搞社会主义吗?@f(俄)罗伊·麦德维杰夫著@F(E)Luo Yi·Mai De Wei Jie Fu Zhu@g关贵海,王晓玉译 |
| 210 | @a北京@c当代世界出版社@d2003 | |
| 215 | @a343页@c照片@d20cm | |
| 330 | @a本书对俄罗斯社会主义理论与运动进行讨论,分析俄罗斯社会主义的重建工作,对苏联解体后的俄罗斯社会主义运动的状况与前途等进行讨论。 | |
| 606 | 0 | @a政策@x研究@y俄罗斯 |
| 690 | @aD751.22@v4 | |
| 701 | 0 | @a麦德维杰夫@4著 |
| 702 | 0 | @a关贵海@Aguan gui hai@4译 |
| 702 | 0 | @a王晓玉@Awang xiao yu@4译 |
| 801 | 0 | @aCN@bNLC@c20041009 |
| 905 | @f5@b347240-244@dD751.22@e231 | |
| 俄罗斯向何处去:俄罗斯能搞社会主义吗?/(俄)罗伊·麦德维杰夫著/关贵海,王晓玉译.-北京:当代世界出版社,2003 |
| 343页:照片;20cm |
| ISBN 7-80115-624-2:CNY22.00 |
| 本书对俄罗斯社会主义理论与运动进行讨论,分析俄罗斯社会主义的重建工作,对苏联解体后的俄罗斯社会主义运动的状况与前途等进行讨论。 |
| ● |
| 相关链接 |
|
|
|
|
正题名:俄罗斯向何处去
索取号:D751.22/231
 
预约/预借
| 序号 | 登录号 | 条形码 | 馆藏地/架位号 | 状态 | 备注 |
| 1 | 0347240 | 203472401 | 第一借阅区/ [索取号:D751.22/231] | 在馆 | |
| 2 | 0347241 | 203472410 | 第一借阅区/ [索取号:D751.22/231] | 在馆 | |
| 3 | 0347242 | 203472429 | 第一借阅区/ [索取号:D751.22/231] | 在馆 | |
| 4 | 0347243 | 203472438 | 第一借阅区/ [索取号:D751.22/231] | 在馆 | |
| 5 | 0347244 | 203472447 | 第一借阅区/ [索取号:D751.22/231] | 在馆 |